| 000 | 01598cam a2200349 a 4500 | ||
|---|---|---|---|
| 001 | 15299676 | ||
| 003 | Nust | ||
| 005 | 20220829121131.0 | ||
| 008 | 080521s2008 nyu 000 1 eng | ||
| 010 | _a 2008022334 | ||
| 020 |
_a9780330445535 _cRs. 476 |
||
| 035 | _a(OCoLC)178210230 | ||
| 035 | _a(OCoLC)ocn178210230 | ||
| 038 | _aArshad | ||
| 040 |
_aDLC _cDLC _dDLC |
||
| 050 | 0 | 0 |
_aPS3553.O5545 _bF67 2008b |
| 082 | 0 | 0 |
_a823 _bCOO |
| 100 | 1 |
_aCook, Robin, _d1940- _911492 |
|
| 245 | 1 | 0 |
_aForeign body / _cRobin Cook. |
| 260 |
_aNew York : _bG.P. Putnam's Sons, _c2008. |
||
| 300 |
_aviii, 467 p. ; _c24 cm. |
||
| 520 | _aA series of unexplained deaths in foreign hospitals sends Jennifer Hernandez, an idealistic UCLA medical student, on a desperate search for answers about her grandmother's sudden death. With the discovery of other unexplained deaths followed by hasty cremations, Jennifer reaches out to her mentor, New York City medical examiner Dr. Laurie Montgomery, who has her own deep connection to Jennifer's grandmother. | ||
| 650 | 0 |
_aWomen medical students _vFiction. _911493 |
|
| 650 | 0 |
_aGrandmothers _xDeath _vFiction. _911494 |
|
| 650 | 0 |
_aHospitals _zIndia _vFiction. _911495 |
|
| 655 | 7 |
_aMedical novels. _2gsafd _911124 |
|
| 856 | 4 | 2 |
_3Publisher description _uhttp://www.loc.gov/catdir/enhancements/fy0904/2008022334-d.html |
| 856 | 4 | 2 |
_3Contributor biographical information _uhttp://www.loc.gov/catdir/enhancements/fy1305/2008022334-b.html |
| 906 |
_a7 _bcbc _corignew _d1 _eecip _f20 _gy-gencatlg |
||
| 942 |
_2ddc _cBK |
||
| 999 |
_c174440 _d174440 |
||